000 00501nam a2200193Ia 4500
003 OSt
005 20240919092652.0
008 210210b1990 xxu||||| |||| 00| 0 eng d
040 _cAL
041 _aKannada
082 _aK894.1 VAIB
100 _aVAIDEHI.
_dವೈದೇಹಿ
_9179469
245 _aBindu bindige.
_bಬಿಂದು ಬಿಂದಿಗೆ
260 _aSagara
_bAkshara Prakashana
_c1990
300 _a124
690 _aKannada Poetry
_9179470
906 _a044178
942 _2ddc
_cBK
999 _c93773
_d93773